El cancionero de Antioquia : (Registro nro. 36166)
[ vista simple ]
| 000 -CABECERA | |
|---|---|
| campo de control de longitud fija | 00643nam a2200181 a 4500 |
| 001 - NÚMERO DE CONTROL | |
| campo de control | 000036675 |
| 005 - FECHA Y HORA DE LA ÚLTIMA TRANSACCIÓN | |
| campo de control | 20200930075851.0 |
| 008 - DATOS DE LONGITUD FIJA--INFORMACIÓN GENERAL | |
| campo de control de longitud fija | 120124s1971 cl 000 0 spa d |
| 040 ## - FUENTE DE LA CATALOGACIÓN | |
| Centro catalogador/agencia de origen | DO-SdBNP |
| Lengua de catalogación | spa |
| Centro/agencia transcriptor | BNPHU |
| 245 03 - MENCIÓN DE TÍTULO | |
| Título | El cancionero de Antioquia : |
| Resto del título | de la tierra colombiana / |
| Mención de responsabilidad, etc. | Coleccionado y anotado por Antonio José Restrepo. |
| 246 14 - FORMA VARIANTE DE TÍTULO | |
| Título propio/Titulo breve | De la tierra colombiana |
| 250 ## - MENCIÓN DE EDICIÓN | |
| Mención de edición | 5a ed. |
| 260 ## - PUBLICACIÓN, DISTRIBUCIÓN, ETC. | |
| Lugar de publicación, distribución, etc. | Colombia : |
| Nombre del editor, distribuidor, etc. | Heredero de Benigno A. Gutiérrez, |
| Fecha de publicación, distribución, etc. | 1971. |
| 300 ## - DESCRIPCIÓN FÍSICA | |
| Extensión | 419 p. ; |
| Dimensiones | 22 cm. |
| 490 1# - MENCIÓN DE SERIE | |
| Mención de serie | Bolsilibros Bedout ; |
| Designación de volumen o secuencia | 100 |
| 700 12 - PUNTO DE ACCESO ADICIONAL--NOMBRE DE PERSONA | |
| Nombre de persona | Restrepo, Antonio José, |
| Fechas asociadas al nombre | 1855-1933, |
| Término indicativo de función/relación | comp. |
| 9 (RLIN) | 62954 |
| 830 #0 - PUNTO DE ACCESO ADICIONAL DE SERIE-TÍTULO UNIFORME | |
| Título uniforme | Bolsilibros Bedout ; |
| Designación de volumen o secuencia | 100 |
| 9 (RLIN) | 3750 |
| Estado de retiro | Estado de pérdida | Restricciones de uso | No para préstamo | Código de colección | Localización permanente | Ubicación/localización actual | Ubicación en estantería | Fecha de adquisición | Número de inventario | Total de préstamos | Signatura topográfica completa | Código de barras | Fecha visto por última vez | Precio válido a partir de | Tipo de ítem Koha |
|---|---|---|---|---|---|---|---|---|---|---|---|---|---|---|---|
| Excluido de préstamo | Monografías: Libros y Folletos | General | General | En catalogación | 24.01.2012 | LF1 | 36675-10 | 25.06.2020 | 25.06.2020 | No se presta |
